Las Reformas sobre el sistema de negociación colectiva en España (Registro nro. 163080)
[ vista simple ]
| 000 -LEADER | |
|---|---|
| fixed length control field | 02412nam a2200289 a 4500 |
| 007 - PHYSICAL DESCRIPTION FIXED FIELD--GENERAL INFORMATION | |
| fixed length control field | cr ||||||||||| |
| 008 - FIXED-LENGTH DATA ELEMENTS--GENERAL INFORMATION | |
| fixed length control field | 140305s2013 sp |||||s|||||0|| ||spa|c |
| 020 ## - INTERNATIONAL STANDARD BOOK NUMBER | |
| International Standard Book Number | 9788415923275 |
| 035 ## - | |
| -- | 11826 |
| 040 ## - CATALOGING SOURCE | |
| Modifying agency | vLex |
| 090 ## - | |
| -- | 4724 |
| -- | 4724 |
| 245 04 - TITLE STATEMENT | |
| Title | Las Reformas sobre el sistema de negociación colectiva en España |
| Medium | [Recurso electrónico] / |
| Statement of responsibility, etc | Margarita Isabel Ramos Quintana (directora) ; María del Carmen Grau Pineda (coordinadora) ; M. Carlos Palomeque López ... [et al.] |
| 256 ## - | |
| -- | Servicio en línea |
| 260 ## - PUBLICATION, DISTRIBUTION, ETC. (IMPRINT) | |
| Place of publication, distribution, etc | Albacete : |
| Name of publisher, distributor, etc | Bomarzo, |
| Date of publication, distribution, etc | 2013 |
| 300 ## - PHYSICAL DESCRIPTION | |
| Extent | 1 recurso electrónico (184 p.) |
| 500 ## - GENERAL NOTE | |
| General note | La reforma laboral y su impacto en el sistema de negociación colectiva. La reforma sobre el sistema de negociación colectiva: un análisis crítico. La estructura y articulación de la negociación colectiva. Estructura de la negociación colectiva y flexibilidad interna: la preferencia del convenio colectivo de empresa en la ordenación de las condiciones de trabajo. Inaplicación de convenios colectivos: causas, procedimientos y efectos sobre las relaciones individuales de trabajo. La inaplicación parcial o descuelgue de convenios colectivos: puntos críticos y posibles respuestas desde la autonomía colectiva. Contenido de la negociación colectiva y modificación de condiciones de trabajo establecidas en convenio colectivo. Aplicación temporal del convenio colectivo: finalización del convenio y régimen posterior de condiciones de trabajo (ultraactividad). Negociación colectiva en Canarias: una revisión de problemas específicos y soluciones alternativas. El tratamiento del empleo en la negociación colectiva. |
| 506 1# - RESTRICTIONS ON ACCESS NOTE | |
| Terms governing access | Contenido solo disponible en los productos indicados |
| Authorized users | vLex Global |
| -- | vLex Global (Academic Edition, excluding Law Schools) |
| -- | vLex Global (U.S. Academic Edition, Law Schools) |
| -- | vLex Global (U.S. Academic Edition, excluding Law Schools) |
| -- | vLex Global (Academic Edition, Law Schools) |
| 650 #4 - SUBJECT ADDED ENTRY--TOPICAL TERM | |
| Topical term or geographic name as entry element | Convenios colectivos de trabajo |
| 650 #4 - SUBJECT ADDED ENTRY--TOPICAL TERM | |
| Topical term or geographic name as entry element | Negociaciones colectivas de trabajo |
| 700 1# - ADDED ENTRY--PERSONAL NAME | |
| Personal name | Ramos Quintana, Margarita Isabel, |
| Relator term | dir. |
| 700 1# - ADDED ENTRY--PERSONAL NAME | |
| Personal name | Grau Pineda, Carmen, |
| Relator term | coord. |
| 700 1# - ADDED ENTRY--PERSONAL NAME | |
| Personal name | Palomeque López, Manuel Carlos |
| 740 0# - | |
| -- | vLex Libros (Servicio en línea) |
| 856 40 - LOCALIZACIÓN Y ACCESO ELECTRÓNICO | |
| Identificador Uniforme del Recurso (URI/URL) | https://app.vlex.com/#/sources/reformas-sobre-el-sistema-de-negociacion-colectiva-en-espa-a-11826 |
| 942 ## - | |
| -- | RAA |
| 999 ## - | |
| -- | 163080 |
| -- | 163080 |
No hay ítems disponibles.